[Event "MVP-ch Seniors op 18th"]
[Site "Ostseebad Binz"]
[Date "2018.12.06"]
[Round "9"]
[White "Perk, Egbert"]
[Black "Neumann, Horst1"]
[Result "0-1"]
[WhiteElo "1787"]
[BlackElo "1652"]
[PlyCount "100"]
[EventDate "2018.11.28"]
[EventType "swiss"]
[EventRounds "9"]
[EventCountry "GER"]
[SourceTitle "CBM 188 Extra"]
[Source "ChessBase"]
[SourceDate "2019.02.28"]
[SourceVersion "1"]
[SourceVersionDate "2019.02.28"]
[SourceQuality "1"]

1. Nf3 Nc6 2. d4 e6 3. g3 d5 4. Bg2 Be7 5. 0-0 Nf6 6. Nbd2 0-0 7. c3 b6 8. Re1 Bb7 9. Ne5 Bd6 10. Ndf3 Bxe5 11. Nxe5 Nxe5 12. dxe5 Ng4 13. Qd4 Nh6 14. Bxh6 gxh6 15. Rad1 c5 16. Qe3 Qg5 17. f4 Qf5 18. Qd2 Rad8 19. h3 h5 20. Qd3 Qg6 21. Qxg6+ hxg6 22. Kf2 f6 23. exf6 Rxf6 24. Ke3 d4+ 25. Kf2 Bxg2 26. Kxg2 Rff8 27. Rd2 Rf5 28. Red1 g5 29. e4 Rf7 30. fxg5 e5 31. h4 Rdf8 32. cxd4 exd4 33. Re1 Kg7 34. Ree2 Kg6 35. Rf2 a5 36. Rxf7 Rxf7 37. Rf2 d3 38. Rxf7 Kxf7 39. Kf2 c4 40. Ke3 b5 41. b3 a4 42. bxa4 bxa4 43. g4 hxg4 44. h5 g3 45. g6+ Kg7 46. e5 g2 47. Kf2 d2 48. e6 g1Q+ 49. Kxg1 d1Q+ 50. Kg2 Qe2+ 0-1

[Event "MVP-ch Seniors op 17th"]
[Site "Binz"]
[Date "2017.12.02"]
[Round "4.63"]
[White "Perk, Egbert"]
[Black "Graffenberger, Wilhelm"]
[Result "1-0"]
[WhiteElo "1841"]
[BlackElo "1626"]
[PlyCount "79"]
[EventDate "2017.11.29"]
[EventType "swiss"]
[EventRounds "9"]
[EventCountry "GER"]
[SourceTitle "EXT 2019"]
[Source "ChessBase"]
[SourceDate "2018.10.10"]
[SourceVersion "1"]
[SourceVersionDate "2018.10.10"]
[SourceQuality "1"]

1. Nf3 d5 2. c4 c6 3. Qc2 Nf6 4. d4 g6 5. cxd5 cxd5 6. Nc3 Bg7 7. e3 0-0 8. Bd3 Bg4 9. Ne5 Be6 10. 0-0 Nc6 11. Nxc6 bxc6 12. Na4 Nd7 13. b4 Qc8 14. Bd2 Rb8 15. Rac1 Nb6 16. Nc5 Nc4 17. Bxc4 dxc4 18. Nxe6 Qxe6 19. Qxc4 Qxc4 20. Rxc4 Rbc8 21. Rfc1 e5 22. dxe5 Bxe5 23. g3 Rfd8 24. Bc3 Bxc3 25. R4xc3 Rd2 26. a3 Ra2 27. Rd3 Kg7 28. b5 c5 29. Rc4 Rb2 30. a4 Rb4 31. Rdc3 Rb1+ 32. Kg2 Rd8 33. Rxc5 Rdd1 34. Kf3 Rh1 35. h4 Rbf1 36. Rc7 Rh2 37. Rc2 a6 38. bxa6 Ra1 39. R7c4 g5 40. hxg5 1-0

[Event "MVP-ch Seniors op 17th"]
[Site "Binz"]
[Date "2017.11.30"]
[Round "2.32"]
[White "Nauschuetz, Ernst"]
[Black "Perk, Egbert"]
[Result "1-0"]
[WhiteElo "1968"]
[BlackElo "1841"]
[PlyCount "120"]
[EventDate "2017.11.29"]
[EventType "swiss"]
[EventRounds "9"]
[EventCountry "GER"]
[SourceTitle "EXT 2019"]
[Source "ChessBase"]
[SourceDate "2018.10.10"]
[SourceVersion "1"]
[SourceVersionDate "2018.10.10"]
[SourceQuality "1"]

1. c4 Nf6 2. g3 e6 3. Bg2 d5 4. Nf3 Be7 5. 0-0 Nbd7 6. b3 0-0 7. Bb2 c5 8. e3 Qb6 9. Qc2 Rd8 10. Nc3 Nf8 11. d4 Bd7 12. dxc5 Qxc5 13. cxd5 exd5 14. Rac1 Rac8 15. Qb1 Qa5 16. Rfd1 Be6 17. Nd4 Bg4 18. Nce2 Ba3 19. f3 Bd7 20. Kf2 Ne6 21. Rxc8 Rxc8 22. Rc1 Nxd4 23. Rxc8+ Bxc8 24. Bxd4 Be7 25. Qc2 Bd7 26. Be5 Ne8 27. Bc3 Qc7 28. Qb2 f6 29. Nd4 Qd6 30. Bf1 Nc7 31. Bd3 g6 32. b4 a6 33. a3 Ne6 34. Bf1 Nxd4 35. Bxd4 Qc6 36. Ke1 Kg7 37. Kd2 Bf5 38. Qc3 Qxc3+ 39. Kxc3 Bd7 40. Bc5 Kf7 41. Kd4 Bc6 42. f4 Bd8 43. Kc3 Bc7 44. Kb3 b5 45. Kc3 f5 46. a4 Bd8 47. axb5 axb5 48. Be2 h5 49. h3 Bd7 50. Kd4 Ke6 51. Bf3 Bc6 52. Bf8 Bb6+ 53. Kd3 Kf7 54. Bc5 Bxc5 55. bxc5 b4 56. Kc2 Ke6 57. Kb3 Bb5 58. Kxb4 Bc4 59. Ka5 Kd7 60. Kb6 Kc8 1-0

[Event "MVP-ch Seniors op 16th"]
[Site "Binz"]
[Date "2016.12.01"]
[Round "9.26"]
[White "Perk, Egbert"]
[Black "Walther, Reinhard"]
[Result "0-1"]
[WhiteElo "1920"]
[BlackElo "2019"]
[PlyCount "74"]
[EventDate "2016.11.23"]
[EventType "swiss"]
[EventRounds "9"]
[EventCountry "GER"]
[SourceTitle "EXT 2018"]
[Source "ChessBase"]
[SourceDate "2017.10.13"]
[SourceVersion "1"]
[SourceVersionDate "2017.10.13"]
[SourceQuality "1"]

1. Nf3 d6 2. d4 g6 3. c4 Bg7 4. Nc3 Nf6 5. g3 0-0 6. Bg2 c6 7. 0-0 Bg4 8. h3 Bd7 9. Be3 Na6 10. a3 Nc7 11. Qd2 Rb8 12. Bh6 Be6 13. Bxg7 Kxg7 14. b3 b5 15. Ng5 bxc4 16. Nxe6+ fxe6 17. bxc4 d5 18. cxd5 cxd5 19. Rfb1 Qd6 20. Qd3 Nd7 21. f4 Rxb1+ 22. Nxb1 Rb8 23. Nd2 Nf6 24. e3 Rb2 25. Qc3 Qb6 26. g4 Nce8 27. Kh2 Nd6 28. Kg3 Rxd2 29. Qb4 Rb2 30. Qe1 Nfe4+ 31. Kh2 Qb3 32. Kh1 Qc2 33. Qg1 Nc4 34. Rc1 Qd3 35. Re1 Nf2+ 36. Kh2 Nxe3 37. Kg3 Nf5+ 0-1

[Event "MVP-ch Seniors op 16th"]
[Site "Binz"]
[Date "2016.11.28"]
[Round "6.29"]
[White "Glawe, Hartmut"]
[Black "Perk, Egbert"]
[Result "0-1"]
[WhiteElo "1994"]
[BlackElo "1920"]
[PlyCount "84"]
[EventDate "2016.11.23"]
[EventType "swiss"]
[EventRounds "9"]
[EventCountry "GER"]
[SourceTitle "EXT 2018"]
[Source "ChessBase"]
[SourceDate "2017.10.13"]
[SourceVersion "1"]
[SourceVersionDate "2017.10.13"]
[SourceQuality "1"]

1. d4 Nf6 2. Bf4 d5 3. Nf3 e6 4. e3 c5 5. Nbd2 Nc6 6. c3 cxd4 7. exd4 Bd6 8. Bxd6 Qxd6 9. Bb5 Nd7 10. 0-0 0-0 11. Re1 a6 12. Ba4 b5 13. Bc2 g6 14. Qe2 Qf4 15. a3 Bb7 16. Nf1 Na5 17. Ne3 Nc4 18. g3 Qh6 19. Ng4 Qg7 20. b3 h5 21. Ne3 Nxe3 22. Qxe3 Rfe8 23. Ne5 Nxe5 24. dxe5 Rec8 25. Rac1 Qf8 26. b4 Rc7 27. Qd2 Rac8 28. Bb1 Kg7 29. Re3 Qd8 30. Rd3 Qe7 31. Re1 a5 32. h3 axb4 33. axb4 Qd7 34. Ba2 Qc6 35. f3 Qb6+ 36. Kh2 d4 37. Rxd4 Rxc3 38. Bb1 Rxf3 39. Rf4 Rcc3 40. Rf1 Rxf1 41. Rxf1 Qc6 42. Bd3 Rxd3 0-1

[Event "MVP-ch Seniors op 16th"]
[Site "Binz"]
[Date "2016.11.27"]
[Round "5.27"]
[White "Perk, Egbert"]
[Black "Kaiser, Sebastian"]
[Result "1/2-1/2"]
[WhiteElo "1920"]
[BlackElo "2004"]
[PlyCount "85"]
[EventDate "2016.11.23"]
[EventType "swiss"]
[EventRounds "9"]
[EventCountry "GER"]
[SourceTitle "EXT 2018"]
[Source "ChessBase"]
[SourceDate "2017.10.13"]
[SourceVersion "1"]
[SourceVersionDate "2017.10.13"]
[SourceQuality "1"]

1. Nf3 d5 2. c4 c6 3. d4 Nf6 4. Nc3 e6 5. cxd5 exd5 6. g3 Bd6 7. Bg2 0-0 8. 0-0 Re8 9. h3 h6 10. Qc2 Qe7 11. a3 Ne4 12. Nxe4 dxe4 13. Nh2 Bf5 14. e3 Nd7 15. Bd2 Nf6 16. Rfc1 Qd7 17. g4 Bg6 18. Qd1 Nd5 19. Nf1 Qe7 20. f4 exf3 21. Qxf3 Be4 22. Qxe4 Qxe4 23. Bxe4 Rxe4 24. Kf2 Rae8 25. Re1 Be7 26. Kf3 Bh4 27. Re2 g6 28. Rd1 Kg7 29. Bc1 Kh7 30. Rg2 a6 31. Rd3 R4e6 32. Rg1 Rf6+ 33. Kg2 Rf2+ 34. Kh1 Re2 35. Bd2 Re6 36. Rg2 Rxg2 37. Kxg2 Nf6 38. Kf3 Ne4 39. Bb4 Be7 40. Bxe7 Rxe7 41. h4 Kg7 42. Nd2 Nxd2+ 43. Rxd2 1/2-1/2

[Event "Schleswig Holstein-ch Seniors op 10th"]
[Site "Buesum"]
[Date "2016.10.04"]
[Round "9"]
[White "Kynast, Reinhard"]
[Black "Perk, Egbert"]
[Result "1/2-1/2"]
[WhiteElo "1802"]
[BlackElo "1934"]
[PlyCount "20"]
[EventDate "2016.09.26"]
[EventType "swiss"]
[EventRounds "9"]
[EventCountry "GER"]
[SourceTitle "EXT 2019"]
[Source "ChessBase"]
[SourceDate "2018.10.10"]
[SourceVersion "1"]
[SourceVersionDate "2018.10.10"]
[SourceQuality "1"]

1. c4 Nf6 2. e4 d6 3. d4 Nbd7 4. Nf3 e5 5. Be2 Be7 6. 0-0 0-0 7. h3 c6 8. Be3 b6 9. Qd2 Bb7 10. Rd1 Re8 1/2-1/2

[Event "Schleswig Holstein-ch Seniors op 10th"]
[Site "Buesum"]
[Date "2016.10.01"]
[Round "6"]
[White "Perk, Egbert"]
[Black "Schulz, Gerhard1"]
[Result "1-0"]
[WhiteElo "1934"]
[BlackElo "1811"]
[PlyCount "79"]
[EventDate "2016.09.26"]
[EventType "swiss"]
[EventRounds "9"]
[EventCountry "GER"]
[SourceTitle "EXT 2019"]
[Source "ChessBase"]
[SourceDate "2018.10.10"]
[SourceVersion "1"]
[SourceVersionDate "2018.10.10"]
[SourceQuality "1"]

1. Nf3 Nf6 2. c4 e6 3. g3 b6 4. Bg2 Bb7 5. Nc3 Be7 6. 0-0 0-0 7. b3 c5 8. Bb2 d5 9. cxd5 exd5 10. d4 Nc6 11. e3 Re8 12. a3 cxd4 13. exd4 a6 14. Re1 b5 15. Qd3 Na5 16. Nd2 Qd7 17. Ne2 Rac8 18. Nf4 Bd6 19. Bh3 Rxe1+ 20. Rxe1 Qd8 21. Bxc8 Bxc8 22. Ng2 Nc6 23. f3 Ne7 24. Ne3 Bh3 25. b4 Qc7 26. Rc1 Qb8 27. Kf2 h5 28. f4 Bxf4 29. gxf4 Qxf4+ 30. Kg1 h4 31. Qe2 Qg5+ 32. Kh1 Qf4 33. Ng2 Qd6 34. Qe5 Qd7 35. Nf4 Bf5 36. Rc7 Be4+ 37. Nxe4 Qg4 38. Nxf6+ gxf6 39. Qe2 Qxf4 40. Rxe7 1-0

[Event "WchT Seniors 65"]
[Site "Radebeul"]
[Date "2016.06.27"]
[Round "2.4"]
[White "Geibel, Henning"]
[Black "Perk, Egbert"]
[Result "0-1"]
[WhiteElo "1444"]
[BlackElo "1949"]
[PlyCount "120"]
[EventDate "2016.06.26"]
[EventType "team-swiss"]
[EventRounds "9"]
[EventCountry "GER"]
[SourceTitle "CBM 173 Extra"]
[Source "ChessBase"]
[SourceDate "2016.08.29"]
[SourceVersion "1"]
[SourceVersionDate "2016.08.29"]
[SourceQuality "1"]
[WhiteTeam "Randbauern"]
[BlackTeam "Surprise"]
[WhiteTeamCountry "GER"]
[BlackTeamCountry "GER"]

1. e4 g6 2. Nf3 Bg7 3. d4 d6 4. Bc4 Nf6 5. Nc3 c6 6. 0-0 b5 7. Bd3 a6 8. Bf4 0-0 9. Qd2 Re8 10. Bh6 Bh8 11. e5 dxe5 12. dxe5 Nd5 13. Nxd5 cxd5 14. Qf4 f6 15. Rad1 Nc6 16. exf6 Bxf6 17. c3 e5 18. Qg3 Qe7 19. Bc2 Be6 20. Bg5 Rad8 21. Rfe1 e4 22. Bxf6 Qxf6 23. Nd4 Nxd4 24. cxd4 Rc8 25. Bb3 a5 26. a4 b4 27. Qd6 Qd8 28. Qg3 Bf7 29. h4 Qf6 30. Rd2 Rc6 31. Qg5 Qxg5 32. hxg5 Rec8 33. Kh2 Kf8 34. Kg3 Kg7 35. f4 Be6 36. Kf2 Kf7 37. Ke3 Rc3+ 38. bxc3 Rxc3+ 39. Ke2 Rxb3 40. Rh1 Bg4+ 41. Kf2 e3+ 42. Kg3 Bh5 43. Rc2 Rd3 44. Rc7+ Ke6 45. Rxh7 e2+ 46. Kf2 Rd1 47. Re1 Rxd4 48. Rxh5 Rxf4+ 49. Kg3 Kf5 50. Rxe2 gxh5 51. g6 Rg4+ 52. Kf3 Rxg6 53. Rc2 Ke5 54. Rc5 Ra6 55. Ke3 Rg6 56. Kf3 Kd4 57. Rxa5 Rb6 58. Kf4 b3 59. Rb5 Rxb5 60. axb5 b2 0-1

[Event "GER-chA Seniors 27th"]
[Site "Magdeburg"]
[Date "2015.08.22"]
[Round "8"]
[White "Heise, Juergen"]
[Black "Perk, Egbert"]
[Result "1-0"]
[WhiteElo "2019"]
[BlackElo "1902"]
[PlyCount "79"]
[EventDate "2015.08.15"]
[EventType "swiss"]
[EventRounds "9"]
[EventCountry "GER"]
[SourceTitle "EXT 2018"]
[Source "ChessBase"]
[SourceDate "2017.10.13"]
[SourceVersion "1"]
[SourceVersionDate "2017.10.13"]
[SourceQuality "1"]

1. f4 d5 2. Nf3 g6 3. e3 Bg7 4. Be2 Nf6 5. 0-0 0-0 6. b4 Ne4 7. d4 b6 8. c4 c5 9. Qb3 Nc6 10. Ne5 Nxe5 11. dxe5 Bb7 12. Rd1 e6 13. Bf3 Qc7 14. Na3 cxb4 15. Qxb4 Rfd8 16. cxd5 exd5 17. Bb2 Bf8 18. Qb3 Nc5 19. Qc2 Bc6 20. Qe2 Na4 21. Rac1 Bc5 22. Rd3 Qe7 23. Bd4 Rac8 24. Bxc5 bxc5 25. Qc2 c4 26. Nxc4 Nc5 27. Nd6 Nxd3 28. Nxc8 Qa3 29. Rb1 Nxe5 30. Rb3 Nxf3+ 31. gxf3 Bd7 32. Rxa3 Rxc8 33. Qd2 Bh3 34. Rxa7 h5 35. Kf2 Bf5 36. Kg3 Be6 37. f5 gxf5 38. Kh4 Kh7 39. Rb7 Kh6 40. e4+ 1-0

[Event "GER-chA Seniors 27th"]
[Site "Magdeburg"]
[Date "2015.08.17"]
[Round "3"]
[White "Selig, Rainer"]
[Black "Perk, Egbert"]
[Result "1-0"]
[WhiteElo "2133"]
[BlackElo "1902"]
[PlyCount "79"]
[EventDate "2015.08.15"]
[EventType "swiss"]
[EventRounds "9"]
[EventCountry "GER"]
[SourceTitle "EXT 2018"]
[Source "ChessBase"]
[SourceDate "2017.10.13"]
[SourceVersion "1"]
[SourceVersionDate "2017.10.13"]
[SourceQuality "1"]

1. d4 Nf6 2. c4 e6 3. Bg5 Be7 4. Nc3 d5 5. e3 0-0 6. Nf3 Nbd7 7. Rc1 c6 8. Bd3 dxc4 9. Bxc4 Nb6 10. Bd3 Nbd5 11. 0-0 Nxc3 12. bxc3 Nd5 13. Bxe7 Qxe7 14. c4 Nf6 15. c5 g6 16. Ne5 Kg7 17. f4 Ne8 18. Qf3 f6 19. Nc4 Bd7 20. Rb1 Bc8 21. Rb3 Qc7 22. Qf2 Rf7 23. Qd2 b5 24. cxb6 axb6 25. Nxb6 Ra7 26. Rfb1 Nd6 27. Qc2 Bb7 28. a4 Re7 29. Qc5 Ba6 30. Bc2 Nf7 31. Be4 Nd8 32. Rc3 e5 33. fxe5 fxe5 34. Bxc6 Nxc6 35. Qxc6 Qxc6 36. Rxc6 Bb7 37. Rd6 exd4 38. exd4 Be4 39. Rb4 Bc6 40. Nc8 1-0

[Event "Hessen-ch Seniors op 11th"]
[Site "Bad Sooden-Allendorf"]
[Date "2015.05.16"]
[Round "8"]
[White "Lueders, Guenter"]
[Black "Perk, Egbert"]
[Result "1-0"]
[WhiteElo "1796"]
[BlackElo "1918"]
[PlyCount "80"]
[EventDate "2015.05.09"]
[EventType "swiss"]
[EventRounds "9"]
[EventCountry "GER"]
[SourceTitle "EXT 2018"]
[Source "ChessBase"]
[SourceDate "2017.10.13"]
[SourceVersion "1"]
[SourceVersionDate "2017.10.13"]
[SourceQuality "1"]

1. d4 Nf6 2. Nf3 d5 3. Bf4 Nbd7 4. Nbd2 e6 5. h3 b6 6. e3 Bb7 7. Rc1 Bd6 8. Bxd6 cxd6 9. c4 0-0 10. Be2 Re8 11. 0-0 Nf8 12. Qa4 a6 13. cxd5 b5 14. Qc2 Nxd5 15. a3 Qe7 16. Qb1 e5 17. dxe5 dxe5 18. Rfd1 Rad8 19. Nb3 e4 20. Nfd4 Qg5 21. Rc2 Ng6 22. Rdc1 Bc8 23. Kh2 h5 24. Kh1 Qh4 25. Bf1 Ne5 26. g3 Qf6 27. Bg2 Nc4 28. Nc5 Bf5 29. Nxf5 Qxf5 30. Rf1 Ndxe3 31. fxe3 Qxc5 32. b3 Qxe3 33. bxc4 Qxg3 34. cxb5 axb5 35. Qxb5 Re5 36. Qb7 f6 37. Rc8 Rxc8 38. Qxc8+ Kh7 39. Qc2 f5 40. a4 g6 1-0

[Event "Hessen-ch Seniors op 11th"]
[Site "Bad Sooden-Allendorf"]
[Date "2015.05.13"]
[Round "5"]
[White "Perk, Egbert"]
[Black "Hottes, Dieter"]
[Result "0-1"]
[WhiteElo "1918"]
[BlackElo "2100"]
[PlyCount "115"]
[EventDate "2015.05.09"]
[EventType "swiss"]
[EventRounds "9"]
[EventCountry "GER"]
[SourceTitle "EXT 2018"]
[Source "ChessBase"]
[SourceDate "2017.10.13"]
[SourceVersion "1"]
[SourceVersionDate "2017.10.13"]
[SourceQuality "1"]

1. Nf3 c5 2. c4 g6 3. g3 Bg7 4. Bg2 Nc6 5. 0-0 d6 6. Nc3 e5 7. d3 Nge7 8. Bd2 0-0 9. Qc1 Re8 10. e4 a6 11. Bg5 f6 12. Bh6 Rb8 13. Bxg7 Kxg7 14. Ne2 b5 15. Nh4 bxc4 16. dxc4 Nd4 17. Nc3 g5 18. Nf3 Be6 19. b3 a5 20. Nxd4 cxd4 21. Nb5 a4 22. bxa4 Rc8 23. Qa3 Rc5 24. Rfc1 Nc6 25. Bf1 Kf8 26. Rab1 Ke7 27. Bd3 Qa5 28. Qb3 h5 29. Qd1 Rh8 30. Na3 Nb4 31. Rb2 Rhc8 32. Rcb1 Nxd3 33. Qxd3 Qxa4 34. Rb4 Qa6 35. Rb7+ R5c7 36. Rxc7+ Rxc7 37. Nb5 Rc5 38. Na3 Ra5 39. Rb3 Ra4 40. Kg2 g4 41. Kf1 Qc6 42. Ke1 Bxc4 43. Nxc4 Rxc4 44. Rb7+ Kd8 45. Rb1 Rc3 46. Qe2 f5 47. Kd1 Qxe4 48. Qxe4 fxe4 49. Kd2 Ra3 50. Rb2 Ke7 51. Kc2 d3+ 52. Kd2 d5 53. Ke3 Kd6 54. Rb6+ Kc5 55. Rb2 Ra8 56. Kd2 Rf8 57. Ke1 e3 58. Kd1 0-1

[Event "Hessen-ch Seniors op 11th"]
[Site "Bad Sooden-Allendorf"]
[Date "2015.05.11"]
[Round "3"]
[White "Perk, Egbert"]
[Black "Hunold, Rolf"]
[Result "1-0"]
[WhiteElo "1918"]
[BlackElo "2119"]
[PlyCount "97"]
[EventDate "2015.05.09"]
[EventType "swiss"]
[EventRounds "9"]
[EventCountry "GER"]
[SourceTitle "EXT 2018"]
[Source "ChessBase"]
[SourceDate "2017.10.13"]
[SourceVersion "1"]
[SourceVersionDate "2017.10.13"]
[SourceQuality "1"]

1. Nf3 Nf6 2. c4 e6 3. g3 b6 4. Bg2 Bb7 5. 0-0 c5 6. d3 Be7 7. e3 0-0 8. b3 d6 9. d4 Qc7 10. Bb2 Nbd7 11. Nbd2 Rfe8 12. Rc1 Ne4 13. Nxe4 Bxe4 14. Nd2 Bxg2 15. Kxg2 a5 16. a4 Rad8 17. Qf3 Bf6 18. Ne4 cxd4 19. exd4 Be7 20. Nc3 Nb8 21. Nb5 Qd7 22. d5 e5 23. Qe3 Qb7 24. Rce1 Na6 25. Ba3 Nc5 26. Bxc5 bxc5 27. f4 Bf6 28. Qf3 Qd7 29. f5 Rb8 30. Re4 h6 31. h4 Qe7 32. Qh5 Kh7 33. Qf3 Rf8 34. h5 Rb6 35. Rg4 Re8 36. Qe4 Kh8 37. Re1 Bg5 38. Re2 Reb8 39. Qf3 Rf8 40. Rge4 g6 41. Rf2 gxh5 42. f6 Qd7 43. Qxh5 Rg8 44. Rg4 Kh7 45. Nc3 Rg6 46. Ne4 Be3 47. Rxg6 fxg6 48. f7 gxh5 49. Nf6+ 1-0

[Event "MVP-ch Seniors op 14th"]
[Site "Binz"]
[Date "2014.12.03"]
[Round "9"]
[White "Perk, Egbert"]
[Black "Graffenberger, Wilhelm"]
[Result "1-0"]
[WhiteElo "1682"]
[BlackElo "1537"]
[PlyCount "41"]
[EventDate "2014.11.25"]
[EventType "swiss"]
[EventRounds "9"]
[EventCountry "GER"]
[SourceTitle "EXT 2016"]
[Source "ChessBase"]
[SourceDate "2015.10.08"]
[SourceVersion "1"]
[SourceVersionDate "2015.10.08"]
[SourceQuality "1"]

1. d4 d5 2. Nf3 g6 3. Bf4 Bg7 4. e3 Nf6 5. h3 Bf5 6. Nbd2 0-0 7. g4 Bd7 8. Ne5 b6 9. Bg2 Bb5 10. c4 Ba6 11. g5 Nh5 12. Bxd5 c6 13. Nxc6 Nxc6 14. Bxc6 Rc8 15. Qf3 Nxf4 16. exf4 Qxd4 17. Nb3 Qxc4 18. Rc1 Qb4+ 19. Rc3 Bxc3+ 20. bxc3 Rfd8 21. cxb4 1-0

[Event "MVP-ch Seniors op 14th"]
[Site "Binz"]
[Date "2014.11.28"]
[Round "4"]
[White "Hartlaub, Marianne"]
[Black "Perk, Egbert"]
[Result "0-1"]
[WhiteElo "1476"]
[BlackElo "1682"]
[PlyCount "34"]
[EventDate "2014.11.25"]
[EventType "swiss"]
[EventRounds "9"]
[EventCountry "GER"]
[SourceTitle "EXT 2016"]
[Source "ChessBase"]
[SourceDate "2015.10.08"]
[SourceVersion "1"]
[SourceVersionDate "2015.10.08"]
[SourceQuality "1"]

1. Nf3 d5 2. c4 e6 3. g3 Nf6 4. Bg2 Be7 5. b3 0-0 6. 0-0 Nbd7 7. Bb2 c5 8. d3 Rb8 9. e3 b5 10. Nbd2 Ba6 11. Re1 Qb6 12. Rc1 Rfd8 13. Ne5 Qd6 14. Ndf3 h6 15. d4 b4 16. cxd5 exd5 17. Ba1 cxd4 0-1

[Event "MVP-ch Seniors op 14th"]
[Site "Binz"]
[Date "2014.11.25"]
[Round "1"]
[White "Baumbach, Friedrich"]
[Black "Perk, Egbert"]
[Result "1-0"]
[WhiteElo "2072"]
[BlackElo "1682"]
[PlyCount "119"]
[EventDate "2014.11.25"]
[EventType "swiss"]
[EventRounds "9"]
[EventCountry "GER"]
[SourceTitle "EXT 2016"]
[Source "ChessBase"]
[SourceDate "2015.10.08"]
[SourceVersion "1"]
[SourceVersionDate "2015.10.08"]
[SourceQuality "1"]

1. d4 Nf6 2. c4 e6 3. Nf3 d5 4. Nc3 Be7 5. Bg5 Nbd7 6. e3 c6 7. Qc2 b6 8. Rc1 Bb7 9. cxd5 exd5 10. Bd3 h6 11. Bf4 0-0 12. 0-0 a5 13. Qe2 Re8 14. Ne5 Nf8 15. Rfd1 Bd6 16. Qf3 Bxe5 17. dxe5 N6d7 18. Qg3 Qe7 19. Bxh6 Qxe5 20. Bf4 Qf6 21. Bc2 Ne6 22. Qh3 Ndf8 23. Bd6 Rad8 24. Bg3 Rd7 25. e4 d4 26. e5 Qh6 27. Qxh6 gxh6 28. Ne4 Nh7 29. Nd6 Rf8 30. Nc4 Ba6 31. Nxb6 Rb7 32. Na4 c5 33. b3 Rd8 34. Bf5 Nhf8 35. Bd3 Bxd3 36. Rxd3 Rc8 37. Nb2 Ng6 38. Nc4 Ra7 39. Nd6 Rb8 40. h4 Ne7 41. f4 Nd5 42. f5 Nef4 43. Rd2 Rc7 44. Kf2 a4 45. bxa4 Rb4 46. Rc4 Rxc4 47. Nxc4 Ra7 48. a5 Nh5 49. Bh2 Nc3 50. Kf3 Ng7 51. g4 Nd5 52. Rb2 Nb4 53. Ke4 h5 54. gxh5 Nxh5 55. a3 Nc6 56. Rb5 Rd7 57. Rxc5 d3 58. Rd5 Rxd5 59. Kxd5 Ne7+ 60. Ke4 1-0